000 00329nam a22001217a 4500
999 _c1214
_d1214
005 20200826115055.0
008 200826b ||||| |||| 00| 0 eng d
020 _a0582550815
040 _cCML
245 _aTeaching Oral English.
_cByrne, D.
260 _aLondon
_bLongman
_c1976
942 _2ddc
_cBK
_h428.07
_mBYR